[Event "2. Bundesliga Mitte 2016/2017"]
[Site "Leoben, Wolfsberg/Taufkirchen/Fuerstenfeld, Grieskirchen, St. Veit"]
[Date "2017.01.29"]
[Round "8"]
[Board "5"]
[White "Lentrodt, Thomas"]
[Black "Ebner, Hubert"]
[Result "0-1"]
[WhiteElo "2232"]
[BlackElo "2247"]
[PlyCount "112"]
[EventDate "2016.10.07"]
[EventType "team"]
[EventRounds "11"]
[EventCountry "AUT"]
[WhiteTeam "Spg. Grieskirchen/Schallerbach"]
[BlackTeam "ESV Austria Graz"]

1. d4 Nf6 2. c4 g6 3. Nc3 d5 4. Nf3 Bg7 5. cxd5 Nxd5 6. Qb3 Nxc3 7. bxc3 O-O 8.
Ba3 b6 9. e3 Nc6 10. Be2 Na5 11. Qc2 c5 12. O-O Qc7 13. Rac1 Bb7 14. c4 e6 15.
e4 Rad8 16. d5 Bc8 17. Bb2 exd5 18. Bxg7 Kxg7 19. exd5 Bg4 20. Ne1 Bxe2 21.
Qxe2 Qf4 22. Nd3 Qf6 23. Ne5 Rfe8 24. f4 Nb7 25. Qd3 h5 26. Qa3 Ra8 27. Rce1
Nd6 28. Qd3 Nf5 29. Re4 Nd6 30. Re2 Qf5 31. Qxf5 Nxf5 32. Rfe1 Nd4 33. Rb2 f6
34. Nd3 Rxe1+ 35. Nxe1 Re8 36. Kf2 Re4 37. g3 Nf5 38. Rc2 Nd6 39. Re2 Rxe2+ 40.
Kxe2 Nxc4 41. Kd3 b5 42. Kc3 Nb6 43. d6 Kf7 44. f5 gxf5 45. Nd3 Nd5+ 46. Kd2 c4
47. Nc5 b4 48. Kc2 Ne3+ 49. Kd2 Nf1+ 50. Ke2 Nxh2 51. Ke3 Nf1+ 52. Kd4 c3 53.
Kd5 c2 54. Nd3 Ne3+ 55. Kc6 Ke8 56. d7+ Ke7 0-1

[Event "2. Bundesliga Mitte 2016/2017"]
[Site "Leoben, Wolfsberg/Taufkirchen/Fuerstenfeld, Grieskirchen, St. Veit"]
[Date "2017.01.29"]
[Round "8"]
[Board "6"]
[White "Aschenbrenner, Robert"]
[Black "Obermayr, Hermann"]
[Result "1/2-1/2"]
[WhiteElo "2201"]
[BlackElo "2179"]
[PlyCount "79"]
[EventDate "2016.10.07"]
[EventType "team"]
[EventRounds "11"]
[EventCountry "AUT"]
[WhiteTeam "ESV Austria Graz"]
[BlackTeam "Spg. Grieskirchen/Schallerbach"]

1. d4 g6 2. c4 Bg7 3. e4 d6 4. Nc3 a6 5. Be3 c6 6. Qd2 b5 7. f3 Nd7 8. cxb5
cxb5 9. Bd3 Nb6 10. Nge2 e6 11. O-O Ne7 12. b3 O-O 13. a4 b4 14. Nd1 a5 15. Rc1
Ba6 16. Nf2 d5 17. Bxa6 Rxa6 18. Bh6 Nd7 19. Bxg7 Kxg7 20. e5 Qb8 21. Ng4 Ng8
22. Rc2 h5 23. Nf2 Rc8 24. Rfc1 Rxc2 25. Rxc2 Ne7 26. Qc1 Qa8 27. g4 Rc6 28.
gxh5 Rxc2 29. Qxc2 gxh5 30. Ng3 h4 31. Nh5+ Kh8 32. Nf6 Nxf6 33. exf6 Nf5 34.
Qc5 Qd8 35. Ng4 Kh7 36. Kf2 Nh6 37. Qe7 Qg8 38. Nxh6 Kxh6 39. Qc7 Qg6 40. Qd8
 1/2-1/2

[Event "2. Bundesliga Mitte 2016/2017"]
[Site "Leoben, Wolfsberg/Taufkirchen/Fuerstenfeld, Grieskirchen, St. Veit"]
[Date "2017.01.29"]
[Round "8"]
[Board "1"]
[White "Weiss, Christian"]
[Black "Pilaj, Herwig"]
[Result "1/2-1/2"]
[WhiteElo "2360"]
[BlackElo "2390"]
[PlyCount "147"]
[EventDate "2016.10.07"]
[EventType "team"]
[EventRounds "11"]
[EventCountry "AUT"]
[WhiteTeam "Union Ansfelden"]
[BlackTeam "SC DieKlagenfurter"]

1. g3 g6 2. e4 d5 3. Nc3 Nf6 4. Bg2 dxe4 5. Nxe4 Nxe4 6. Bxe4 Bg7 7. Ne2 Nc6 8.
d3 O-O 9. O-O Qd6 10. Bg2 Bg4 11. h3 Be6 12. Nc3 Bxc3 13. bxc3 Bd5 14. Bxd5
Qxd5 15. c4 Qd7 16. Kh2 Rad8 17. Bb2 Nd4 18. Bxd4 Qxd4 19. Rb1 b6 20. Qg4 Qc3
21. Qe2 Rfe8 22. Rb3 Qd4 23. Qe3 e5 24. Re1 Kg7 25. Kg2 Re6 26. Qxd4 Rxd4 27.
f3 f5 28. Kf2 Kf6 29. Rb5 c6 30. Rbb1 e4 31. Re3 exd3 32. cxd3 Red6 33. Rb3 f4
34. gxf4 Rxf4 35. Ra3 Rd7 36. Re8 Rfd4 37. Ke3 Rh4 38. Rc8 c5 39. Ra8 Re7+ 40.
Kf2 Rxh3 41. R3xa7 Rh2+ 42. Kg3 Ree2 43. Rf8+ Ke5 44. Re8+ Kd4 45. Rd8+ Ke3 46.
Re7+ Kd2 47. Rxe2+ Rxe2 48. Rd6 Ke3 49. a4 Ra2 50. Rxb6 Kxd3 51. Ra6 Kxc4 52.
Ra7 Kb4 53. Rb7+ Kc3 54. Rxh7 Rxa4 55. Rc7 c4 56. Rc6 Ra1 57. Kf2 Kd3 58. Rd6+
Kc2 59. Rxg6 c3 60. Ke3 Ra8 61. f4 Re8+ 62. Kf3 Kd2 63. Rd6+ Kc1 64. Rc6 c2 65.
f5 Rd8 66. Ke4 Kd2 67. f6 c1=Q 68. Rxc1 Kxc1 69. Ke5 Kd2 70. f7 Ke3 71. Ke6 Ke4
72. Ke7 Ra8 73. f8=Q Rxf8 74. Kxf8 1/2-1/2

[Event "2. Bundesliga Mitte 2016/2017"]
[Site "Leoben, Wolfsberg/Taufkirchen/Fuerstenfeld, Grieskirchen, St. Veit"]
[Date "2017.01.29"]
[Round "8"]
[Board "2"]
[White "Wertjanz, David"]
[Black "Felsberger, Alfred"]
[Result "1-0"]
[WhiteElo "2298"]
[BlackElo "2339"]
[PlyCount "108"]
[EventDate "2016.10.07"]
[EventType "team"]
[EventRounds "11"]
[EventCountry "AUT"]
[WhiteTeam "SC DieKlagenfurter"]
[BlackTeam "Union Ansfelden"]

1. Nf3 d5 2. g3 c6 3. Bg2 Bf5 4. O-O e6 5. d3 Nf6 6. Nbd2 h6 7. Qe1 Be7 8. e4
Bh7 9. Qe2 O-O 10. b3 Nbd7 11. Bb2 a5 12. a4 Bb4 13. e5 Ne8 14. Nh4 Be7 15.
Nhf3 Nc7 16. Ne1 b5 17. f4 bxa4 18. bxa4 Rb8 19. Bc3 Bb4 20. Bd4 Qe7 21. Nb3
Nc5 22. Bxc5 Bxc5+ 23. Kh1 Bb4 24. d4 Bc3 25. Ra2 Qb4 26. g4 Qc4 27. Qf2 Rb4
28. f5 Bxd4 29. Qg3 Bb6 30. Nd3 Qxg4 31. Nxb4 Qxg3 32. hxg3 axb4 33. a5 Ba7 34.
g4 exf5 35. gxf5 Re8 36. a6 Rb8 37. Bh3 Kf8 38. Ra5 Ke8 39. Re1 Ke7 40. Nc5 Rb5
41. Rxb5 Nxb5 42. Nd3 c5 43. Nf4 Nc7 44. Nh5 Bxf5 45. Bxf5 g6 46. Bg4 gxh5 47.
Bxh5 Ke6 48. Rf1 c4 49. Rxf7 Nxa6 50. Rxa7 Nc5 51. Ra5 b3 52. cxb3 Nxb3 53. Ra8
c3 54. Rc8 c2 1-0

[Event "2. Bundesliga Mitte 2016/2017"]
[Site "Leoben, Wolfsberg/Taufkirchen/Fuerstenfeld, Grieskirchen, St. Veit"]
[Date "2017.01.29"]
[Round "8"]
[Board "3"]
[White "Knoll, Hermann"]
[Black "Genser, Harald"]
[Result "1/2-1/2"]
[WhiteElo "2329"]
[BlackElo "2304"]
[PlyCount "75"]
[EventDate "2016.10.07"]
[EventType "team"]
[EventRounds "11"]
[EventCountry "AUT"]
[WhiteTeam "Union Ansfelden"]
[BlackTeam "SC DieKlagenfurter"]

1. d4 d5 2. Bf4 Nf6 3. e3 c5 4. c3 Nc6 5. Nf3 Qb6 6. Qb3 c4 7. Qc2 Bf5 8. Qc1
e6 9. Be2 h6 10. Nfd2 Qd8 11. O-O Be7 12. Bg3 O-O 13. f3 b5 14. b3 a6 15. Kh1
Bd6 16. Bxd6 Qxd6 17. bxc4 bxc4 18. e4 dxe4 19. Nxc4 Qc7 20. fxe4 Nxe4 21. Nbd2
Nxd2 22. Qxd2 Ne7 23. Ne3 Bg6 24. c4 Rfd8 25. Rad1 Rd7 26. d5 exd5 27. Bg4 Rdd8
28. cxd5 Qd6 29. Bf3 Rac8 30. Rc1 Qa3 31. Rxc8 Nxc8 32. Nc4 Qd3 33. Qc1 Nd6 34.
Ne5 Qc2 35. Nc6 Qxc1 36. Rxc1 Re8 37. Kg1 Be4 38. Kf2 1/2-1/2

[Event "2. Bundesliga Mitte 2016/2017"]
[Site "Leoben, Wolfsberg/Taufkirchen/Fuerstenfeld, Grieskirchen, St. Veit"]
[Date "2017.01.29"]
[Round "8"]
[Board "4"]
[White "Petschar, Kurt"]
[Black "Moser, Guenter"]
[Result "1/2-1/2"]
[WhiteElo "2288"]
[BlackElo "2302"]
[PlyCount "36"]
[EventDate "2016.10.07"]
[EventType "team"]
[EventRounds "11"]
[EventCountry "AUT"]
[WhiteTeam "SC DieKlagenfurter"]
[BlackTeam "Union Ansfelden"]

1. e4 d5 2. exd5 Qxd5 3. Nc3 Qa5 4. d4 c6 5. Nf3 Bg4 6. h3 Bxf3 7. Qxf3 Nf6 8.
Be2 e6 9. Bf4 Nbd7 10. O-O Be7 11. Rfd1 O-O 12. a3 Qd8 13. Qg3 Kh8 14. Bc7 Qc8
15. Bd6 Qd8 16. Bc7 Qc8 17. Bd6 Qd8 18. Bc7 Qc8 1/2-1/2

[Event "2. Bundesliga Mitte 2016/2017"]
[Site "Leoben, Wolfsberg/Taufkirchen/Fuerstenfeld, Grieskirchen, St. Veit"]
[Date "2017.01.29"]
[Round "8"]
[Board "5"]
[White "Mostbauer, Maximilian"]
[Black "Titz, Heimo"]
[Result "1/2-1/2"]
[WhiteElo "2102"]
[BlackElo "2172"]
[PlyCount "104"]
[EventDate "2016.10.07"]
[EventType "team"]
[EventRounds "11"]
[EventCountry "AUT"]
[WhiteTeam "Union Ansfelden"]
[BlackTeam "SC DieKlagenfurter"]

1. d4 Nf6 2. Nf3 e6 3. c4 b6 4. g3 Ba6 5. b3 Bb7 6. Bg2 Bb4+ 7. Bd2 a5 8. O-O
d6 9. Nc3 Nbd7 10. Qc2 O-O 11. Rfe1 Bxc3 12. Bxc3 Be4 13. Qb2 Qb8 14. Bf1 b5
15. cxb5 Qxb5 16. Nd2 a4 17. f3 Bg6 18. e4 Qb7 19. b4 Nb6 20. a3 d5 21. Bg2
Rfc8 22. Rac1 c6 23. Qc2 Ne8 24. Bb2 Nd6 25. Bf1 Nd7 26. Kg2 Nb5 27. Nb1 Nb6
28. Qf2 Nd6 29. Nd2 Nd7 30. Bd3 Nb5 31. Rc2 Nd6 32. Qe2 Nb6 33. Rec1 Nd7 34. h4
Nb6 35. Kh2 Nd7 36. Kg2 Nf8 37. Rh1 h6 38. Rhc1 Nd7 39. Kh2 Nf8 40. Kg2 Nd7 41.
Kh2 Nf8 42. Nf1 Nd7 43. exd5 Bxd3 44. Qxd3 cxd5 45. Ne3 Rxc2+ 46. Rxc2 Rc8 47.
Bc1 Rxc2+ 48. Qxc2 Nb6 49. Qc5 Nbc4 50. Ng4 h5 51. Ne5 Nxe5 52. dxe5 Nc4
 1/2-1/2

[Event "2. Bundesliga Mitte 2016/2017"]
[Site "Leoben, Wolfsberg/Taufkirchen/Fuerstenfeld, Grieskirchen, St. Veit"]
[Date "2017.01.29"]
[Round "8"]
[Board "6"]
[White "Jakits, Leopold"]
[Black "Mostbauer, Florian"]
[Result "1/2-1/2"]
[WhiteElo "2135"]
[BlackElo "2283"]
[PlyCount "107"]
[EventDate "2016.10.07"]
[EventType "team"]
[EventRounds "11"]
[EventCountry "AUT"]
[WhiteTeam "SC DieKlagenfurter"]
[BlackTeam "Union Ansfelden"]

1. c4 Nf6 2. g3 c6 3. Bg2 d5 4. Nf3 Bf5 5. b3 e6 6. Bb2 Be7 7. O-O O-O 8. d3 h6
9. Nbd2 Nbd7 10. a3 a5 11. Qb1 Bh7 12. Bc3 Qb6 13. b4 axb4 14. axb4 Rxa1 15.
Qxa1 Bxb4 16. Bxb4 Qxb4 17. Rb1 Qd6 18. Rxb7 e5 19. cxd5 cxd5 20. d4 e4 21. Ne5
Bf5 22. Qb2 Qa6 23. Nxd7 Bxd7 24. Nf1 Bg4 25. Rb5 Ra8 26. h3 Bd7 27. Rb6 Qc4
28. Ne3 Qa4 29. Kh2 Be6 30. Rb4 Qa2 31. Nf1 g5 32. g4 h5 33. gxh5 Qxb2 34. Rxb2
Nxh5 35. f3 exf3 36. Bxf3 Nf4 37. e3 Ra1 38. exf4 Rxf1 39. Rb3 gxf4 40. Kg2 Rc1
41. Rb5 Rc2+ 42. Kg1 Rd2 43. Bxd5 Rxd4 44. Bg2 Kg7 45. h4 f3 46. Bxf3 Rxh4 47.
Kf2 Ra4 48. Kg3 Rd4 49. Ra5 f5 50. Kf2 Kf6 51. Ke3 Rb4 52. Ra6 Rb3+ 53. Kf4
Rb4+ 54. Ke3 1/2-1/2

[Event "2. Bundesliga Mitte 2016/2017"]
[Site "Leoben, Wolfsberg/Taufkirchen/Fuerstenfeld, Grieskirchen, St. Veit"]
[Date "2017.01.29"]
[Round "8"]
[Board "1"]
[White "Heinemann, Thies"]
[Black "Renner, Christoph"]
[Result "0-1"]
[WhiteElo "2461"]
[BlackElo "2343"]
[PlyCount "80"]
[EventDate "2016.10.07"]
[EventType "team"]
[EventRounds "11"]
[EventCountry "AUT"]
[WhiteTeam "RbEJ Gleisdorf"]
[BlackTeam "SPG Sauwald"]

1. e4 e6 2. d4 d5 3. Nd2 Nc6 4. Ngf3 Nf6 5. e5 Ne4 6. Bd3 Nxd2 7. Bxd2 Nb4 8.
Be3 Nxd3+ 9. Qxd3 Be7 10. h4 h6 11. Rh3 b6 12. Rg3 Kf8 13. h5 c5 14. Nh2 cxd4
15. Bxd4 Bd7 16. Qe2 Rc8 17. Qg4 Rg8 18. O-O-O Bh4 19. Rh3 Qg5+ 20. Kb1 Qxg4
21. Nxg4 Be7 22. Ne3 Bb5 23. f4 f6 24. f5 Kf7 25. exf6 gxf6 26. fxe6+ Kxe6 27.
Re1 Bc5 28. Rh4 Rg5 29. Rf4 Bxd4 30. Rxd4 Re5 31. c3 Rg8 32. Kc1 Rg3 33. Kd2
Be8 34. Rxd5 Rgxe3 35. Rxe3 Kxd5 36. Rf3 Ke6 37. g4 Re4 38. Rg3 Ke5 39. Kd3
Bb5+ 40. Kc2 Be2 0-1

[Event "2. Bundesliga Mitte 2016/2017"]
[Site "Leoben, Wolfsberg/Taufkirchen/Fuerstenfeld, Grieskirchen, St. Veit"]
[Date "2017.01.29"]
[Round "8"]
[Board "2"]
[White "Testor, Sebastian"]
[Black "Wegerer, Fred"]
[Result "1-0"]
[WhiteElo "2303"]
[BlackElo "2077"]
[PlyCount "107"]
[EventDate "2016.10.07"]
[EventType "team"]
[EventRounds "11"]
[EventCountry "AUT"]
[WhiteTeam "SPG Sauwald"]
[BlackTeam "RbEJ Gleisdorf"]

1. d4 Nf6 2. Nf3 b6 3. g3 Bb7 4. c4 e5 5. d5 Bb4+ 6. Bd2 Qe7 7. a3 Bxd2+ 8.
Qxd2 O-O 9. Nc3 e4 10. Nd4 Qe5 11. Bh3 c6 12. Nf5 h6 13. dxc6 dxc6 14. Qd6 Nbd7
15. O-O-O Rfe8 16. Nxh6+ gxh6 17. Bxd7 Qg5+ 18. Qf4 Nxd7 19. Rxd7 Qxf4+ 20.
gxf4 Rab8 21. Rg1+ Kf8 22. Rd6 e3 23. fxe3 Rxe3 24. Rxh6 Ke7 25. Kd2 Re6 26.
Rxe6+ Kxe6 27. Rg3 Rh8 28. h3 Kf5 29. e3 Ba6 30. b3 Bc8 31. Rg5+ Ke6 32. Ne4
Rxh3 33. Re5+ Kd7 34. Nf6+ Kd6 35. Ne8+ Kd7 36. Nf6+ Kd6 37. Ne4+ Kd7 38. c5
bxc5 39. Nxc5+ Kc7 40. b4 f6 41. Re7+ Kb6 42. Rf7 a5 43. Rxf6 axb4 44. axb4 Kb5
45. Nd3 Bb7 46. Rf7 Ba6 47. Rd7 Bc8 48. Rd4 Be6 49. e4 Bc4 50. Kc3 Ba2 51. f5
Rf3 52. Kd2 Rh3 53. e5 Bb1 54. e6 {Zeit} 1-0

[Event "2. Bundesliga Mitte 2016/2017"]
[Site "Leoben, Wolfsberg/Taufkirchen/Fuerstenfeld, Grieskirchen, St. Veit"]
[Date "2017.01.29"]
[Round "8"]
[Board "3"]
[White "Frosch, Ronald"]
[Black "Hellmayr, Alois"]
[Result "1/2-1/2"]
[WhiteElo "2273"]
[BlackElo "2202"]
[PlyCount "90"]
[EventDate "2016.10.07"]
[EventType "team"]
[EventRounds "11"]
[EventCountry "AUT"]
[WhiteTeam "RbEJ Gleisdorf"]
[BlackTeam "SPG Sauwald"]

1. d4 Nf6 2. Nf3 e6 3. e3 c5 4. b3 Qa5+ 5. c3 cxd4 6. Nxd4 d5 7. Bb2 e5 8. Nf3
Nc6 9. Nbd2 Bg4 10. b4 Qb6 11. Qa4 Bd6 12. b5 O-O 13. c4 d4 14. bxc6 Qxb2 15.
Rb1 Qc3 16. cxb7 dxe3 17. fxe3 Qxe3+ 18. Be2 Bxf3 19. gxf3 Rad8 20. Rb3 Qd4 21.
Rd3 Qh4+ 22. Kd1 e4 23. c5 Bxc5 24. Nxe4 Nxe4 25. Qxe4 Qf6 26. Kc2 Rfe8 27.
Rxd8 Qxd8 28. Qc4 Qe7 29. Qe4 Qd8 30. Rd1 Qb8 31. Qc4 Qxb7 32. Bd3 g6 33. Be4
Qe7 34. Bc6 Qe2+ 35. Qxe2 Rxe2+ 36. Rd2 Re7 37. Rd7 Rxd7 38. Bxd7 f5 39. Kd3
Kg7 40. Ke2 Kh6 41. Kf1 Kg5 42. Kg2 Kf4 43. h3 Ke3 44. Be6 h6 45. Bf7 g5
 1/2-1/2

[Event "2. Bundesliga Mitte 2016/2017"]
[Site "Leoben, Wolfsberg/Taufkirchen/Fuerstenfeld, Grieskirchen, St. Veit"]
[Date "2017.01.29"]
[Round "8"]
[Board "4"]
[White "Hiermann, Dietmar"]
[Black "Manhardt, Thomas"]
[Result "1-0"]
[WhiteElo "2238"]
[BlackElo "2226"]
[PlyCount "71"]
[EventDate "2016.10.07"]
[EventType "team"]
[EventRounds "11"]
[EventCountry "AUT"]
[WhiteTeam "SPG Sauwald"]
[BlackTeam "RbEJ Gleisdorf"]

1. e4 c5 2. Nf3 Nc6 3. Nc3 Nf6 4. g3 e5 5. Bg2 d6 6. d3 Be7 7. O-O h6 8. Nd2 g5
9. Nc4 Be6 10. Nd5 Qd7 11. c3 Bg4 12. Nxd6+ Qxd6 13. Nxf6+ Bxf6 14. Qxg4 h5 15.
Qe2 O-O-O 16. Be3 Kb8 17. Rfd1 g4 18. a3 Rdg8 19. b4 Nd8 20. bxc5 Qc7 21. d4
Ne6 22. Rab1 Bg5 23. c6 b6 24. d5 Bxe3 25. Qxe3 Ng5 26. a4 f5 27. exf5 e4 28.
a5 Nf3+ 29. Bxf3 gxf3 30. axb6 Qe5 31. bxa7+ Ka8 32. Rb8+ Rxb8 33. axb8=Q+ Kxb8
34. Qb6+ Kc8 35. Qb7+ Kd8 36. Qd7# 1-0

[Event "2. Bundesliga Mitte 2016/2017"]
[Site "Leoben, Wolfsberg/Taufkirchen/Fuerstenfeld, Grieskirchen, St. Veit"]
[Date "2017.01.29"]
[Round "8"]
[Board "5"]
[White "Watzka, Horst"]
[Black "Taggatz, Mario"]
[Result "1/2-1/2"]
[WhiteElo "2165"]
[BlackElo "2174"]
[PlyCount "25"]
[EventDate "2016.10.07"]
[EventType "team"]
[EventRounds "11"]
[EventCountry "AUT"]
[WhiteTeam "RbEJ Gleisdorf"]
[BlackTeam "SPG Sauwald"]

1. e4 d6 2. d4 Nf6 3. Nc3 g6 4. Nf3 Bg7 5. Be2 O-O 6. O-O e6 7. Bf4 Nc6 8. Re1
Nd7 9. Bg5 Bf6 10. Bh6 Bg7 11. Bg5 Bf6 12. Bh6 Bg7 13. Bg5 1/2-1/2

[Event "2. Bundesliga Mitte 2016/2017"]
[Site "Leoben, Wolfsberg/Taufkirchen/Fuerstenfeld, Grieskirchen, St. Veit"]
[Date "2017.01.29"]
[Round "8"]
[Board "6"]
[White "Wisnet, Dominic"]
[Black "Walzl, Martin"]
[Result "1/2-1/2"]
[WhiteElo "2278"]
[BlackElo "2074"]
[PlyCount "238"]
[EventDate "2016.10.07"]
[EventType "team"]
[EventRounds "11"]
[EventCountry "AUT"]
[WhiteTeam "SPG Sauwald"]
[BlackTeam "RbEJ Gleisdorf"]

1. Nf3 Nf6 2. g3 b6 3. Bg2 Bb7 4. c4 c5 5. O-O g6 6. d4 cxd4 7. Qxd4 Bg7 8. Nc3
d6 9. Rd1 Nbd7 10. Bg5 Nc5 11. Be3 Ne6 12. Qh4 h6 13. Nd4 Nxd4 14. Bxd4 Bxg2
15. Kxg2 Qd7 16. Nd5 g5 17. Nxf6+ Bxf6 18. Qe4 O-O 19. Bxf6 exf6 20. Rd4 Rae8
21. Qf3 Re6 22. b3 Rc8 23. Rad1 Qe7 24. e3 Kg7 25. Rd5 Rc5 26. R1d4 Qc7 27. Qd1
Rxd5 28. Rxd5 Qc6 29. Kg1 Kf8 30. a4 Ke7 31. Qh5 Re5 32. Rd4 Rc5 33. Qd1 a6 34.
Qd3 b5 35. Qe4+ Qxe4 36. Rxe4+ Kd7 37. cxb5 axb5 38. Rb4 Kc6 39. Kg2 bxa4 40.
bxa4 Rc2 41. Rb8 Kd7 42. a5 Ra2 43. Ra8 Ke6 44. a6 f5 45. a7 Kf6 46. h4 Kg7 47.
Kf1 g4 48. h5 Kh7 49. Ke1 Kg7 50. Kd1 Kh7 51. Kc1 Kg7 52. Kb1 Ra3 53. Kb2 Ra4
54. Kb3 Ra1 55. Kc4 Ra5 56. Kb4 Ra1 57. Kb5 Ra2 58. Kb6 Rb2+ 59. Kc6 Ra2 60.
Kxd6 Kf6 61. Kc6 Ra1 62. Kb6 Rb1+ 63. Kc5 Ra1 64. Kc4 Ra4+ 65. Kb3 Ra5 66. Kc3
Kg7 67. e4 fxe4 68. Kd4 Kf6 69. Kxe4 Ra4+ 70. Ke3 Kg7 71. Kd3 Kh7 72. Kc3 Kg7
73. Kb3 Ra1 74. Kc4 Kf6 75. Kc5 Rc1+ 76. Kb6 Rb1+ 77. Kc6 Rc1+ 78. Kd7 Ra1 79.
Ke8 Kg7 80. Ke7 Ra6 81. Kd7 Kf6 82. Kc7 Ra1 83. Kc6 Rc1+ 84. Kd5 Ra1 85. Kd4
Ra4+ 86. Kd3 Kg7 87. Ke3 Kf6 88. Rh8 Rxa7 89. Rxh6+ Kg5 90. Rh7 Ra3+ 91. Ke2
Rf3 92. Rh8 Rf6 93. Ke3 Rf3+ 94. Ke2 Rf6 95. Rh7 Re6+ 96. Kd3 Rf6 97. Ke3 Rf3+
98. Ke2 Rf6 99. Kf1 Rf3 100. h6 f5 101. Ke2 Kg6 102. Rh8 Ra3 103. h7 Rf3 104.
Re8 Kxh7 105. Re3 Rxe3+ 106. Kxe3 Kg6 107. Kd4 Kf6 108. Kd5 Kg6 109. Ke6 Kg5
110. Kf7 f4 111. Ke6 fxg3 112. fxg3 Kg6 113. Ke5 Kg5 114. Ke4 Kg6 115. Kf4 Kf6
116. Kxg4 Kg6 117. Kf3 Kf5 118. Ke2 Kg4 119. Ke1 Kxg3 1/2-1/2

[Event "2. Bundesliga Mitte 2016/2017"]
[Site "Leoben, Wolfsberg/Taufkirchen/Fuerstenfeld, Grieskirchen, St. Veit"]
[Date "2017.01.29"]
[Round "8"]
[Board "1"]
[White "Schenk, Andreas"]
[Black "Huber, Martin Christian"]
[Result "1/2-1/2"]
[WhiteElo "2457"]
[BlackElo "2412"]
[PlyCount "58"]
[EventDate "2016.10.07"]
[EventType "team"]
[EventRounds "11"]
[EventCountry "AUT"]
[WhiteTeam "SPG Spk. Fuerstenfeld/Hartberg"]
[BlackTeam "Schachfreunde Graz"]

1. d4 Nf6 2. c4 e6 3. Nf3 d5 4. Nc3 Nbd7 5. cxd5 exd5 6. Bg5 c6 7. Qc2 Be7 8.
e3 Nh5 9. Bxe7 Qxe7 10. h3 g6 11. O-O-O Nb6 12. Bd3 Ng7 13. Kb1 Bf5 14. Ne5
Bxd3 15. Nxd3 O-O-O 16. Rc1 Kb8 17. Ka1 Nf5 18. Nc5 Nd6 19. N3a4 Nxa4 20. Qxa4
Ne4 21. Nd3 g5 22. Qd1 h5 23. Qe2 Rd6 24. Rc2 h4 25. Re1 Re8 26. Ne5 Re6 27.
Nd3 Rd6 28. Ne5 Re6 29. Nd3 Rd6 1/2-1/2

[Event "2. Bundesliga Mitte 2016/2017"]
[Site "Leoben, Wolfsberg/Taufkirchen/Fuerstenfeld, Grieskirchen, St. Veit"]
[Date "2017.01.29"]
[Round "8"]
[Board "3"]
[White "Poetz, Florian"]
[Black "Kravanja, Georg"]
[Result "1/2-1/2"]
[WhiteElo "2385"]
[BlackElo "2246"]
[PlyCount "109"]
[EventDate "2016.10.07"]
[EventType "team"]
[EventRounds "11"]
[EventCountry "AUT"]
[WhiteTeam "SPG Spk. Fuerstenfeld/Hartberg"]
[BlackTeam "Schachfreunde Graz"]

1. e4 c6 2. d4 d5 3. e5 c5 4. dxc5 Nc6 5. a3 Nxe5 6. Bb5+ Nc6 7. b4 e6 8. Nf3
Bd7 9. Bb2 Nf6 10. O-O Be7 11. c4 O-O 12. cxd5 exd5 13. Nbd2 b6 14. Bxc6 Bxc6
15. Nd4 Qd7 16. cxb6 axb6 17. Re1 Ne4 18. Nxe4 dxe4 19. Nxc6 Qxc6 20. Qg4 Bf6
21. Bxf6 Qxf6 22. Qxe4 b5 23. Qe5 Qa6 24. Re3 Rfd8 25. h4 Qc6 26. Rc3 Qb7 27.
Rc7 Qb6 28. Rac1 Rxa3 29. R1c6 Qb8 30. Qf5 Ra1+ 31. Kh2 Rf8 32. g3 g6 33. Qd5
Ra7 34. Qd7 Rxc7 35. Rxc7 Qd8 36. Qxd8 Rxd8 37. Rc5 Rb8 38. h5 Kg7 39. g4 Rb6
40. Kg3 h6 41. hxg6 fxg6 42. f4 Rb7 43. f5 Rb6 44. Kf4 Kf6 45. fxg6 Kxg6 46.
Rd5 Kf6 47. Rf5+ Ke6 48. Ke4 Ke7 49. Kd5 Rg6 50. Rf4 Rg5+ 51. Kc6 Ke6 52. Re4+
Kf6 53. Rd4 Kg6 54. Rd6+ Kg7 55. Rd7+ 1/2-1/2

[Event "2. Bundesliga Mitte 2016/2017"]
[Site "Leoben, Wolfsberg/Taufkirchen/Fuerstenfeld, Grieskirchen, St. Veit"]
[Date "2017.01.29"]
[Round "8"]
[Board "4"]
[White "Domarkaite, Laima"]
[Black "Kuba, Guenter"]
[Result "0-1"]
[WhiteElo "2123"]
[BlackElo "2329"]
[PlyCount "82"]
[EventDate "2016.10.07"]
[EventType "team"]
[EventRounds "11"]
[EventCountry "AUT"]
[WhiteTeam "Schachfreunde Graz"]
[BlackTeam "SPG Spk. Fuerstenfeld/Hartberg"]

1. e4 e5 2. Nf3 Nc6 3. Bc4 Bc5 4. c3 Nf6 5. d3 a6 6. Bb3 Ba7 7. Nbd2 h6 8. h3
d6 9. Nf1 Be6 10. Ng3 Qd7 11. Qe2 Ne7 12. Bc2 c5 13. Be3 Nc6 14. Nh2 d5 15. O-O
O-O-O 16. Rfd1 Kb8 17. Nf3 g5 18. d4 exd4 19. cxd4 Nxe4 20. Nxe4 dxe4 21. Ne5
Nxe5 22. dxe5 Qc7 23. Bd2 Rhg8 24. Qxe4 g4 25. h4 g3 26. Be3 Rg4 27. Rxd8+ Qxd8
28. Qf3 Qxh4 29. fxg3 Rxg3 30. Bf2 Rxf3 31. Bxh4 Rf4 32. Bg3 Rd4 33. Be1 Bd5
34. a3 c4 35. Kh2 Rg4 36. g3 Rg5 37. Bd1 Rxe5 38. Bd2 Be3 39. Bc3 Rf5 40. Bg4
Rf2+ 41. Kh3 f5 0-1

[Event "2. Bundesliga Mitte 2016/2017"]
[Site "Leoben, Wolfsberg/Taufkirchen/Fuerstenfeld, Grieskirchen, St. Veit"]
[Date "2017.01.29"]
[Round "8"]
[Board "5"]
[White "Stradner, Stefan"]
[Black "Teuschler, Barbara"]
[Result "0-1"]
[WhiteElo "2168"]
[BlackElo "2212"]
[PlyCount "94"]
[EventDate "2016.10.07"]
[EventType "team"]
[EventRounds "11"]
[EventCountry "AUT"]
[WhiteTeam "SPG Spk. Fuerstenfeld/Hartberg"]
[BlackTeam "Schachfreunde Graz"]

1. c4 e5 2. g3 Nf6 3. Bg2 h6 4. e4 Bc5 5. h3 O-O 6. Ne2 Nc6 7. O-O d6 8. Nbc3
a6 9. a3 Ba7 10. d3 Nh7 11. Kh2 Ng5 12. f4 exf4 13. gxf4 Nh7 14. f5 Bd7 15. Ng3
Bd4 16. Nd5 Be5 17. Qg4 Nf6 18. Nxf6+ Bxf6 19. Nh5 Be5+ 20. Kh1 Kh7 21. Nf4 Nd4
22. Ne2 Nb3 23. Rb1 Nxc1 24. Rbxc1 c5 25. Nc3 Rb8 26. Rc2 b5 27. cxb5 Bxb5 28.
Nxb5 Rxb5 29. b4 cxb4 30. axb4 Rxb4 31. Rfc1 Qf6 32. Ra2 Ra8 33. Bf3 a5 34. Qg1
a4 35. Bh5 Rab8 36. Rac2 a3 37. Rc7 Rf8 38. Qa7 Qh4 39. Bg4 Rb2 40. R7c2 a2 41.
Rxb2 Bxb2 42. Rg1 a1=Q 43. Rxa1 Bxa1 44. Qxa1 h5 45. Be2 Qxh3+ 46. Kg1 Qe3+ 47.
Kf1 Rc8 0-1

[Event "2. Bundesliga Mitte 2016/2017"]
[Site "Leoben, Wolfsberg/Taufkirchen/Fuerstenfeld, Grieskirchen, St. Veit"]
[Date "2017.01.29"]
[Round "8"]
[Board "1"]
[White "Schachinger, Mario"]
[Black "Toefferl, Heimo"]
[Result "0-1"]
[WhiteElo "2425"]
[BlackElo "2096"]
[PlyCount "88"]
[EventDate "2016.10.07"]
[EventType "team"]
[EventRounds "11"]
[EventCountry "AUT"]
[WhiteTeam "SC MPOE Maria Saal 2"]
[BlackTeam "SV Wolfsberg"]

1. e4 e6 2. d4 d5 3. Nc3 Bb4 4. e5 b6 5. a3 Bf8 6. Nf3 Qd7 7. b4 c5 8. Bb5 Nc6
9. bxc5 bxc5 10. O-O Bb7 11. Re1 cxd4 12. Nxd4 Bc5 13. Nb3 Bb6 14. Qg4 Nge7 15.
Qxg7 O-O-O 16. Na4 Nf5 17. Qg4 Rdg8 18. Nxb6+ axb6 19. Qf4 h5 20. h3 Rg6 21.
Bf1 Rhg8 22. Rb1 d4 23. Nd2 Nce7 24. Nc4 Nd5 25. Qf3 Nh4 26. Qb3 Nxg2 27. Re4
Nge3+ 28. Rg4 hxg4 29. fxe3 gxh3+ 30. Kh2 f6 31. e4 Qh7 32. Qxh3 Qg7 33. Nd6+
Kc7 34. exd5 Rh8 35. Ne8+ Rxe8 36. Bf4 fxe5 37. Qb3 exd5 38. Bg3 Rh8+ 39. Bh3
Rgh6 40. Bh4 Rxh4 41. Qxb6+ Kb8 42. Qd6+ Qc7 43. Rxb7+ Kxb7 44. Qxd5+ Ka7 0-1